Animal cell culture : (Record no. 3259)
[ view plain ]
| 000 -LEADER | |
|---|---|
| fixed length control field | 00921nam a2200325 4500 |
| 001 - CONTROL NUMBER | |
| control field | 000 |
| 005 - DATE AND TIME OF LATEST TRANSACTION | |
| control field | 20150326105822.0 |
| 007 - PHYSICAL DESCRIPTION FIXED FIELD--GENERAL INFORMATION | |
| fixed length control field | 000 |
| 008 - FIXED-LENGTH DATA ELEMENTS--GENERAL INFORMATION | |
| fixed length control field | 000 |
| 020 ## - INTERNATIONAL STANDARD BOOK NUMBER | |
| International Standard Book Number | 0947946624 |
| International Standard Book Number | 0947946330 (pbk.) |
| 035 ## - SYSTEM CONTROL NUMBER | |
| System control number | (OCoLC)19516448 |
| System control number | (OCoLC)ocm19516448 |
| System control number | (CStRLIN)NYCG87-B73997 |
| System control number | (NNC)594215 |
| 040 ## - CATALOGING SOURCE | |
| Original cataloging agency | UOEL |
| Transcribing agency | MiU |
| Modifying agency | CU-SB |
| -- | IaU |
| -- | NNC |
| 050 ## - LIBRARY OF CONGRESS CALL NUMBER | |
| Classification number | QH585 |
| Item number | .A5 |
| 090 ## - LOCALLY ASSIGNED LC-TYPE CALL NUMBER (OCLC); LOCAL CALL NUMBER (OCLC) | |
| Classification number (OCLC) (R) ; Classification number, CALL (RLIN) (NR) | QH585 |
| Local cutter number (OCLC) ; Book number/undivided call number, CALL (RLIN) | .A583 1986g |
| 245 00 - TITLE STATEMENT | |
| Title | Animal cell culture : |
| Remainder of title | a practical approach / |
| Statement of responsibility, etc | edited by R.I. Freshney. |
| 260 ## - PUBLICATION, DISTRIBUTION, ETC. (IMPRINT) | |
| Place of publication, distribution, etc | Oxford [Oxfordshire] ; |
| -- | Washington, D.C. : |
| Name of publisher, distributor, etc | IRL Press, |
| Date of publication, distribution, etc | c1986. |
| 300 ## - PHYSICAL DESCRIPTION | |
| Extent | xiii, 248 p. : |
| Other physical details | ill. ; |
| Dimensions | 24 cm. |
| 490 1# - SERIES STATEMENT | |
| Series statement | Practical approach series |
| 504 ## - BIBLIOGRAPHY, ETC. NOTE | |
| Bibliography, etc | Includes bibliographies and index. |
| 650 #0 - SUBJECT ADDED ENTRY--TOPICAL TERM | |
| Topical term or geographic name as entry element | Cell culture. |
| Topical term or geographic name as entry element | Tissue culture. |
| 700 1# - ADDED ENTRY--PERSONAL NAME | |
| Personal name | Freshney, R. Ian. |
| 830 #0 - SERIES ADDED ENTRY--UNIFORM TITLE | |
| Uniform title | Practical approach series. |
| 942 ## - ADDED ENTRY ELEMENTS (KOHA) | |
| Source of classification or shelving scheme | Library of Congress Classification |
| Item type | Loan - Normal on open shelf |
| Withdrawn status | Lost status | Source of classification or shelving scheme | Damaged status | Not for loan | Home library | Current library | Shelving location | Date acquired | Total Checkouts | Full call number | Barcode | Date last seen | Copy number | Price effective from | Koha item type |
|---|---|---|---|---|---|---|---|---|---|---|---|---|---|---|---|
| Library of Congress Classification | UOE Main Library | UOE Main Library | Open shelf | 26/03/2015 | QH585 .A5 | 20136052 | 27/04/2026 | 20136052 | 26/03/2015 | Loan - Normal on open shelf | |||||
| Library of Congress Classification | UOE Main Library | UOE Main Library | Open shelf | 26/03/2015 | QH585 .A5 | 20136054 | 27/04/2026 | 20136054 | 26/03/2015 | Loan - Normal on open shelf | |||||
| Library of Congress Classification | UOE Main Library | UOE Main Library | Open shelf | 26/03/2015 | QH585 .A5 | 20136053 | 27/04/2026 | 20136053 | 26/03/2015 | Loan - Normal on open shelf |
